States with the Most Top Boarding Schools 🏫 - Statistics

General Stats
  • This quiz has been taken 74 times
  • The average score is 6 of 7
Answer Stats
Schools State % Correct
16 California
97%
15 New York
97%
32 Massachusetts
93%
23 Connecticut
90%
13 Pennsylvania
81%
18 Virginia
81%
12 New Hampshire
71%
No matching quizzes found
Score Distribution
Percent of People with Each Score
Percentile by Number Answered
Your Score History
You have not taken this quiz